000
00326nam a22001457a 4500
003
SGT
020
_a
9780367139049
082
_a
624,KAT
100
_a
KATZENBACH
245
_a
FOUNDATION SYSTEMS FOR HIGR RISE STRUCTURES
260
_a
NEW YORK
_b
CRC PRESS
_c
2017
300
_a
298
650
_a
CIVIL ENG.
942
_2
ddc
_c
BK
999
_c
25852
_d
25852